Darwinisme social et eugénisme anglo-saxons (notice n° 1655715)
[ vue normale ]
| 000 -LEADER | |
|---|---|
| fixed length control field | 01714cam a2200157 4500500 |
| 005 - DATE AND TIME OF LATEST TRANSACTION | |
| control field | 20260208010237.0 |
| 041 ## - LANGUAGE CODE | |
| Language code of text/sound track or separate title | fre |
| 042 ## - AUTHENTICATION CODE | |
| Authentication code | dc |
| 100 10 - MAIN ENTRY--PERSONAL NAME | |
| Personal name | Becquemont, Daniel |
| Relator term | author |
| 245 00 - TITLE STATEMENT | |
| Title | Darwinisme social et eugénisme anglo-saxons |
| 260 ## - PUBLICATION, DISTRIBUTION, ETC. | |
| Date of publication, distribution, etc. | 2005.<br/> |
| 500 ## - GENERAL NOTE | |
| General note | 68 |
| 520 ## - SUMMARY, ETC. | |
| Summary, etc. | This paper focuses on the “sociology of struggle” between groups, sometimes called social Darwinism, in the Anglo-Saxon world, and the development of eugenic thought and measures.Eugenics developed in the last quarter of the 20th century as a reaction against what was called the “survival of the unfit” in modern urban life conditions. Its founder, Francis Galton, considered eugenics as a religious ideal, a science, and a practical technique, which aimed at increasing the number of the “well born” and limiting the number of the unfit. In The Passing of the Great Race (1916), Madison Grant extended the idea of “unfit” to entire races.The feeling of racial superiority of the advocators of the “Nordic race” became so strong at the turn of the century in the United States that measures of sterilization of the “unfit” were taken in thirty states. Between 1910 and 1940, some 30.000 or 40.000 people were sterilized, many of them in California. Many American supporters of eugenics welcomed the first measures taken by the Nazi government in the early 30s. Though overtly racist, and very often anti-Semitic, they never advocated the sterilization of entire groups or “races”. |
| 786 0# - DATA SOURCE ENTRY | |
| Note | Revue d’Histoire de la Shoah | 183 | 2 | 2005-10-19 | p. 143-158 | 2111-885X |
| 856 41 - ELECTRONIC LOCATION AND ACCESS | |
| Uniform Resource Identifier | <a href="https://shs.cairn.info/revue-d-histoire-de-la-shoah-2005-2-page-143?lang=fr&redirect-ssocas=7080">https://shs.cairn.info/revue-d-histoire-de-la-shoah-2005-2-page-143?lang=fr&redirect-ssocas=7080</a> |
Pas d'exemplaire disponible.




Réseaux sociaux